Try to finish all generals of WC4 in game - Statistics

General Stats
  • This quiz has been taken 157 times
  • The average score is 86 of 212
Answer Stats
Hint Answer % Correct
ROC+PRC Zhu D
93%
Germany guderian
91%
USSR konev
91%
Germany Manstein
87%
USSR Zhukov
87%
Germany rommel
83%
Japan Yamashita
80%
France De Gaulle
79%
Italy Messe
79%
Yugoslavia Tito
79%
USA lee
78%
Japan Yamamoto
78%
Finland Simo Hayha
77%
Germany bock
76%
USSR rokossovsky
76%
Germany donitz
74%
UK Montgomery
74%
USA Eisenhower
72%
Finland Mannerheim
72%
USA patton
72%
Germany kluge
71%
ROC+PRC Li ZR
71%
Italy Graziani
69%
USA Marshall
66%
ROC+PRC Chen SK
64%
UK Horton
64%
USA nimitz
64%
Germany rundstedt
64%
USSR vatutin
64%
Japan yamaguchi
64%
France Darlan
63%
UK Dowding
63%
Spain Franco
63%
USSR timoshenko
63%
Germany leeb
62%
USSR Katukov
61%
Germany model
61%
UK Cunningham
60%
UK Brooke
59%
USA chennault
59%
USSR malinovsky
59%
Finland Nenonen
59%
Germany raeder
59%
USA macarthur
56%
UK Mountbatten
56%
UK(eygpt) nasser
54%
USSR govorov
53%
USA halsey
53%
France Leclerc
53%
USSR Voronov
53%
Scorpion Williams
53%
Italy Bastico
52%
ROC+PRC Du YM
52%
Germany Hermann Hoth
52%
Germany wittmann
52%
USA arnold
51%
Germany goering
51%
Netherlands Helfrich
51%
USA Abrams
49%
Germany arnim
49%
Scorpion Osborn
49%
Greece Papagos
49%
France Petain
49%
Poland Smigly
49%
Scorpion Colson
48%
USSR kuznetsov
48%
France Tassigny
48%
UK(australia) blamey
47%
Bulgaria Boris III
47%
Germany list
47%
USSR meretskov
47%
USSR vasily
47%
USA bradley
46%
Japan higuchi
46%
ROC+PRC Peng DH
46%
ROC+PRC Zhang
46%
ROC+PRC Zhang ZZ
46%
Poland Anders
45%
Germany kesselring
45%
Belgium leopold
45%
ROC+PRC Lin B
45%
Germany paulus
45%
UK slim
45%
USSR Sokolovsky
45%
Italy Badoglio
44%
Romania Antonescu
43%
Hungary Horthy
43%
Japan nagumo
43%
Germany schmidhuber
43%
ROC+PRC Sun LR
43%
USSR chuikov
41%
UK(canada) Crerar
41%
USA king
41%
Italy Luigi
41%
USSR vasilevsky
41%
UK Alexander
40%
USSR bagramyan
40%
UK(canada) Simonds
40%
Denmark Christian X
39%
Turkey Inonu
39%
USSR novikov
39%
USA clark
38%
France Gamelin
38%
USSR isakov
38%
France Juin
38%
Poland Juliusz
38%
USA wainwright
38%
UK Wavell
38%
N.Korea Choe
37%
Romania Dumitrescu
37%
Brazil Dutra
37%
USA fletcher
37%
Japan kuribayashi
37%
Thailand Phibun
37%
France Weygand
37%
Netherlands Winkelman
37%
USSR yeryomenko
37%
Germany heinrici
36%
Japan mikawa
36%
Japan terauchi
36%
USSR Tolbukhin
36%
Scorpion wagner
36%
USSR budyonny
34%
UK pound
34%
USA spruance
34%
UK Auchinleck
33%
USSR Chernyakhovsky
33%
S.korea Chung
33%
Norway Olav
33%
Japan ozawa
33%
Poland Sikorski
33%
Germany weidling
33%
USA spaatz
32%
Italy Campioni
31%
USA doolittle
31%
Germany Hermann Balck
31%
Germany student
31%
USSR voroshilov
31%
USA Eichelberger
30%
Iran Pahlavi
30%
Italy Riccardi
30%
Germany Richthofen
30%
UK wingate
30%
Italy Balbo
29%
UK dempsey
29%
Japan itagaki
29%
France Koenig
29%
Japan nagano
29%
ROC+PRC Xu SY
28%
ROC+PRC Xu XQ
28%
UK(australia) crace
26%
USA devers
26%
Germany keitel
26%
Scorpion Kotick
26%
Germany meyer
26%
UK(INDIA) Thimayya
26%
ROC+PRC Bai CX
25%
Japan fuchida
25%
Germany greim
25%
USA Mccampbell
25%
USA smith
25%
Germany brauchitsch
24%
Germany falkenhorst
24%
Italy Gariboldi
24%
Germany hartmann
24%
Japan hata
24%
Japan okamura
24%
UK portal
24%
USSR shaposhnikov
24%
UK dill
23%
Japan kondo
23%
Germany kretschmer
23%
Scorpion Benteke
22%
Italy Cavallero
22%
Scorpion Gaiman
22%
Scorpion Maldini
22%
Germany manteuffel
22%
Germany schorner
22%
USA eaker
21%
Germany kleist
21%
Japan koiso
21%
Japan umezu
21%
Germany bitrich
20%
Japan koga
20%
Scorpion Morita
20%
Iraq Qasim
20%
Scorpion Yudintsev
20%
Japan inoue
18%
USA kinkaid
18%
Germany kuchler
18%
UK percival
18%
Japan ushijima
17%
Cuba Alberto Bayo
16%
Scorpion Davis
16%
USA stillwell
16%
Japan takagi
16%
Germany weichs
16%
Germany witzleben
16%
Scorpion Wu R
16%
USA kimmel
15%
ROC+PRC Liang XC
15%
ROC+PRC Liu BC
15%
Scorpion Owairan
15%
Japan toyoda
15%
ROC+PRC Xue Y
15%
Japan hori
14%
USA krueger
13%
USA mccain
13%
USA mcauliffe
10%
USA mitscher
10%
Mongolia Lhagvasuren
8%
Scorpion Gulliemont
7%
No matching quizzes found
Score Distribution
Percent of People with Each Score
Percentile by Number Answered
Your Score History
You have not taken this quiz